[Event "CZE-chT1W 1718"]
[Site "Czech Republic"]
[Date "2018.01.07"]
[Round "5.1"]
[White "Netusil, Miloslav"]
[Black "Bujnoch, Radek"]
[Result "1-0"]
[WhiteElo "2236"]
[BlackElo "2217"]
[PlyCount "51"]
[EventDate "2017.10.29"]
[EventType "team-tourn"]
[EventRounds "11"]
[EventCountry "CZE"]
[SourceTitle "EXT 2019"]
[Source "ChessBase"]
[SourceDate "2018.10.10"]
[SourceVersion "1"]
[SourceVersionDate "2018.10.10"]
[SourceQuality "1"]
[WhiteTeam "Vysehrad"]
[BlackTeam "Polabiny II"]
[WhiteTeamCountry "CZE"]
[BlackTeamCountry "CZE"]

1. d4 d5 2. c4 c6 3. Nf3 Nf6 4. Nc3 e6 5. cxd5 exd5 6. Qc2 g6 7. Bg5 Be7 8. e3 Bf5 9. Bd3 Bxd3 10. Qxd3 0-0 11. 0-0 Re8 12. Rae1 Ne4 13. Bxe7 Qxe7 14. Nd2 Nd7 15. f3 Nxd2 16. Qxd2 Rad8 17. e4 dxe4 18. fxe4 c5 19. dxc5 Qxc5+ 20. Kh1 Ne5 21. Nd5 Kg7 22. Qg5 Qd6 23. Rf6 Re6 24. Rxe6 fxe6 25. Qf6+ Kh6 26. Re3 1-0

[Event "CZE-chT2D 1718"]
[Site "Czech Republic"]
[Date "2017.11.19"]
[Round "3.4"]
[White "Sohr, Vladimir"]
[Black "Bujnoch, Radek"]
[Result "0-1"]
[WhiteElo "2119"]
[BlackElo "2198"]
[PlyCount "116"]
[EventDate "2017.10.15"]
[EventType "team-tourn"]
[EventRounds "11"]
[EventCountry "CZE"]
[SourceTitle "EXT 2022"]
[Source "ChessBase"]
[SourceDate "2021.10.06"]
[SourceVersion "1"]
[SourceVersionDate "2021.10.06"]
[SourceQuality "1"]
[WhiteTeam "Velke Losiny"]
[BlackTeam "Polabiny III"]
[WhiteTeamCountry "CZE"]
[BlackTeamCountry "CZE"]

1. e4 c5 2. Nf3 Nc6 3. d4 cxd4 4. Nxd4 Nf6 5. Nc3 e5 6. Ndb5 d6 7. Bg5 a6 8. Na3 b5 9. Bxf6 gxf6 10. Nd5 f5 11. exf5 Bxf5 12. c3 Bg7 13. Qf3 Be6 14. Rd1 0-0 15. Bd3 f5 16. Bb1 e4 17. Qe2 Ne5 18. 0-0 Ra7 19. Kh1 Ng6 20. Qe3 Qa8 21. Bc2 Bxd5 22. Rxd5 Be5 23. Bb3 Kh8 24. f3 exf3 25. Rxf3 Rg7 26. Qf2 f4 27. Rd1 Qd8 28. Bd5 Nh4 29. Rh3 Nf5 30. Nc2 Qg5 31. Be4 Nh6 32. Nd4 Ng4 33. Qf3 Rf6 34. Re1 Bxd4 35. cxd4 Re7 36. Rf1 Ne3 37. Rc1 Rf8 38. Rh5 Qg8 39. Bb1 Ng4 40. h3 Ne3 41. Rg1 Qg3 42. Rh6 Qxf3 43. gxf3 Nc4 44. Be4 Nd2 45. Bd5 Nc4 46. Rf6 Rc8 47. Rxf4 Nxb2 48. Rfg4 Ree8 49. Rg7 Nd3 50. Rd7 Re2 51. Bb3 a5 52. Rg2 Rxg2 53. Kxg2 a4 54. Bd1 Rc1 55. Be2 Nf4+ 56. Kf2 Rc2 57. Re7 Rxa2 58. Ke1 Rxe2+ 0-1

[Event "CZE-chT2D 1718"]
[Site "Czech Republic"]
[Date "2017.10.15"]
[Round "1.4"]
[White "Novak, Radomir"]
[Black "Bujnoch, Radek"]
[Result "0-1"]
[WhiteElo "2113"]
[BlackElo "2198"]
[PlyCount "80"]
[EventDate "2017.10.15"]
[EventType "team-tourn"]
[EventRounds "11"]
[EventCountry "CZE"]
[SourceTitle "EXT 2022"]
[Source "ChessBase"]
[SourceDate "2021.10.06"]
[SourceVersion "1"]
[SourceVersionDate "2021.10.06"]
[SourceQuality "1"]
[WhiteTeam "Hradec Kralove II"]
[BlackTeam "Polabiny III"]
[WhiteTeamCountry "CZE"]
[BlackTeamCountry "CZE"]

1. d4 d5 2. c4 c6 3. e3 Nf6 4. Nc3 e6 5. Nf3 Nbd7 6. cxd5 exd5 7. Bd3 Bd6 8. 0-0 0-0 9. Rb1 Qe7 10. Qc2 Re8 11. b3 Ne4 12. Bb2 f5 13. Rbe1 Qf6 14. g3 Qh6 15. Kg2 Ndf6 16. h4 Ng4 17. Bxe4 fxe4 18. Ng5 Be7 19. Nh3 Rf8 20. Rh1 Rf3 21. Nd1 Bd7 22. Qd2 Raf8 23. Bc3 Qd6 24. Nf4 g6 25. Re2 Be8 26. Qb2 h6 27. Be1 g5 28. hxg5 hxg5 29. Nh3 Kg7 30. a3 Qf6 31. Ng1 Bd6 32. Bb4 Rxg3+ 33. Kf1 Bxb4 34. axb4 Rh8 35. Rxh8 Kxh8 36. Re1 Nh2+ 37. Ke2 Bh5+ 38. Kd2 Rxg1 39. Rxg1 Nf3+ 40. Kc1 Nxg1 0-1